|
|
|
|
| LEADER |
00000nam a22000007a 4500 |
| 005 |
2016052000310.0 |
| 007 |
cr|||| ||u| |
| 008 |
160520s2009 bl ||||| |||| 00||0 por d |
| 020 |
|
|
|a 978-85-89919-71-5
|
| 035 |
|
|
|a 14234
|
| 040 |
|
|
|a vLex
|
| 090 |
|
|
|c 6104
|d 6104
|
| 100 |
1 |
|
|a Freitas de Almeida, Luiz Antn̥io
|
| 245 |
1 |
0 |
|a Princp̕io do promotor natural. Reconhecimento pelo Supremo Tribunal Federal
|h [Recurso electrn̤ico] /
|c Luiz Antn̥io Freitas de Almeida
|
| 256 |
|
|
|a Servicio en ln̕ea
|
| 260 |
|
|
|a Brasil
|b Pillares
|c 2009
|
| 300 |
|
|
|a 1 recurso electrn̤ico
|
| 500 |
|
|
|a O presente trabalho trata do princp̕io do promotor natural, postulado que recebe novel atenȯ̂ em virtude do interesse de estudiosos e operadores do direito aprofundarem-se sobre a instituiȯ̂ do Ministřio Pb︢lico, sobretudo aps̤ o advento da Constituiȯ̂ Federal de 1988. Busca as raz̕es histr̤icas e o conceito do postulado, detalhando a natureza jurd̕ica e alocando-o como garantia dos cidadôs investigados ou processados pelo "Parquet", da sociedade e do prp̤rio membro do Ministřio Pb︢lico.
|
| 506 |
1 |
|
|a Contenido solo disponible en los productos indicados
|d vLex Global
|d vLex Global (Academic Edition, excluding Law Schools)
|d vLex Global (U.S. Academic Edition, Law Schools)
|d vLex Global (U.S. Academic Edition, excluding Law Schools)
|d vLex Global (Academic Edition, Law Schools)
|
| 650 |
0 |
4 |
|a Derecho
|z Brasil
|
| 740 |
0 |
|
|a vLex libros (servicio en ln̕ea)
|
| 856 |
0 |
4 |
|u http://vlex.com/source/principio-do-promotor-natural-reconhecimento-pelo-supremo-tribunal-federal-14234
|z Acceso restringido
|
| 942 |
|
|
|c BOOK
|
| 999 |
0 |
|
|a Law
|b Brasil
|